00290nam a22000977a 450000500170000000800410001702000150005804000080007324500510008126000600013220200916154643.0200916b ||||| |||| 00| 0 eng d a0673821110 cCML aMany People, Many Voices.cStories of America. aGlenview, Illinois bScott, Foresman and Company.c1993